| 000 | 00439nab a2200145Ia 4500 | ||
|---|---|---|---|
| 003 | ES-SlBCS | ||
| 005 | 20210601131740.0 | ||
| 008 | 140529s1932 xxu||||| |||| 00| 0 fre d | ||
| 041 | _afre | ||
| 100 | 1 |
_aDeman, Thomas _910780 |
|
| 245 | 0 | 0 |
_aLe Congrès de l'Association Guillaume Budé _c Thomas Deman |
| 600 | 1 | 4 |
_aBudé, Guillaume _9167507 |
| 773 | 0 |
_tVie Intelectuelle (La) _gvol. 15, nº. 3, 1932, págs. 454-463 _wRev907 |
|
| 942 | _cAR | ||
| 999 |
_c568125 _d568125 |
||